Sławne jeziora - Statystyki

Ogólne statystyki
  • Ten quiz został rozwiązany 1 235 razy
  • Średni wynik to 10 z 20
Statystyki odpowiedzi
Opis Jezioro % Poprawnych
Największe jezioro słodkowodne według objętości Bajkał
89%
Największe śródlądowe jezioro na świecie Morze Kaspijskie
88%
Największe jezioro w Afryce Wiktorii
86%
Najpopularniejsze jezioro w Szkocji Loch Ness
77%
Nad tym jeziorem leży Chicago Michigan
69%
Słone jezioro na wysokości 418 metrów poniżej poziomu morza Morze Martwe
69%
Największe jezioro na Węgrzech Balaton
62%
Jezioro w Szwajcarii i Francji Genewskie
62%
Nad tym jeziorem leży Toronto Ontario
56%
Drugie na świecie jezioro pod względem objętości, położone w Afryce Tanganika
55%
Największe jezioro słodkowodne Górne
53%
Wysoko położone jezioro między Boliwią a Peru Titicaca
50%
Jezioro w Lombardii, słynące z willi Como
48%
Największe jezioro położone tylko w Kanadzie Wielkie Jezioro Niedźwiedzie
39%
Jezioro w Izraelu, kojarzone z Jezusemchodzącym po wodzie Tyberiadzkie
37%
Osiedlone przez pionerów mormonów Wielkie Jezioro Słone
26%
Jezioro zamieszkiwane przez słodkowodnych rekinów w Ameryce Środkowej Nikaragua
23%
Jezioro w Kalifornii i Nevadzie Tahoe
10%
Największe w Szkocji Loch Lomond
9%
Głębokie jezioro na szczycie wulkanu Oregon Kraterowe
8%
Nie znaleziono quizów pasujących do podanych kryteriów
Rozkład punktacji
Procent ludzi z każdym wynikiem
Percentyl według liczby udzielonych odpowiedzi
Twoja historia wyników
Nie rozwiązałeś tego quizu